000 00267nam a22001217a 4500
082 _a894.812
_bEMM/R
100 _aGEORGE IMMATTY
245 _aRASAKARAMAYA UDHARANIKAL
260 _aTHRISSUR
_bH & C PUBLISHING
_c2005
300 _a112
650 _zKERALA
942 _cBK
999 _c1033
_d1033